La tipología de las sociedades comerciales: entre tradición y reforma
में बचाया:
| मुख्य लेखकों: | , |
|---|---|
| अन्य लेखक: | |
| स्वरूप: | पुस्तक |
| भाषा: | स्पेनिश |
| प्रकाशित: |
Bogotá
Grupo Editorial Ibáñez
2017
Bogotá Centro de Estudios de Derecho Comparado 2017 |
| संस्करण: | 1a. ed |
| श्रृंखला: | Colección Monografías de Derecho Privado, 3
|
| विषय: | |
| टैग: |
टैग जोड़ें
कोई टैग नहीं, इस रिकॉर्ड को टैग करने वाले पहले व्यक्ति बनें!
|
MARC
| LEADER | 00000cam a2200000 a 4500 | ||
|---|---|---|---|
| 001 | UCC1085 | ||
| 003 | CL-VaPUC | ||
| 008 | 170922e20170000ck |||||||||||||||||spa|d | ||
| 020 | |a 9789587497236 | ||
| 082 | 0 | 4 | |a 346.07 |b EMB |2 21 |
| 100 | 0 | |a Embid Irujo, José Miguel |e author |9 595129 | |
| 700 | 0 | |a Navarro, Matamoros, Linda |e author |9 595130 | |
| 700 | |a Oviedo Albán, Jorge |e autor |9 868766 | ||
| 245 | 1 | 3 | |a La tipología de las sociedades comerciales: entre tradición y reforma |
| 250 | |a 1a. ed | ||
| 300 | |a 400 p | ||
| 942 | |c BK | ||
| 945 | |d 20170922 16:51:00 |a arojas | ||
| 260 | |a Bogotá |b Grupo Editorial Ibáñez |c 2017 | ||
| 260 | |a Bogotá |b Centro de Estudios de Derecho Comparado |c 2017 | ||
| 650 | 0 | |a Derecho comercial |9 256340 | |
| 650 | 0 | |a Sociedades comerciales |9 257290 | |
| 650 | 7 | |a SOCIEDADES MERCANTILES |2 CL-VaPUC |9 477669 | |
| 650 | 7 | |a TIPOLOGIA |2 CL-VaPUC |9 383189 | |
| 650 | 0 | |a Derecho y legislación |9 255077 | |
| 583 | |a last modification |c 20170922 16:51:00 |k Rodrigo Vera | ||
| 490 | 0 | |a Colección Monografías de Derecho Privado, 3 | |
| 999 | |c 369672 |d 369670 | ||
| 952 | |0 0 |1 0 |3 erd |4 0 |6 346_070000000000000_EMB_2017_2017 |7 0 |8 A |9 485605 |a BIBDER |b BIBDER |i 5425433 |l 4 |m 1 |o 346.07 EMB 2017 2017 |p 5425433 |r 2024-04-12 |s 2024-04-05 |w 2019-11-24 |y BK |z Catalogado en:20170922 |k DER | ||